AH International Schools' Libraries

Normal view MARC view
  • Atkinson, Catherine,

Entry Personal Name

Number of records used in: 1

001 - CONTROL NUMBER

  • control field: 87134

003 - CONTROL NUMBER IDENTIFIER

  • control field: OSt

005 - DATE AND TIME OF LATEST TRANSACTION

  • control field: 20260122094639.0

008 - FIXED-LENGTH DATA ELEMENTS

  • fixed length control field: 260122|| aca||aabn | a|a d

040 ## - CATALOGING SOURCE

  • Original cataloging agency: OSt
  • Transcribing agency: OSt

100 ## - HEADING--PERSONAL NAME

  • Personal name: Atkinson, Catherine,
  • Dates associated with a name: 1961-

670 ## - SOURCE DATA FOUND

  • Source citation: Work cat.: (OSt)50110: Watt, Fiona, author. 38829, Children's cookbook /, 25 Oct. 2002

For any Logos Library related questions please contact Miss Art at swongnarasuk@asianhope.org.

For any Asian Hope Library related questions please contact Miss Raza at graza@asianhope.org.

Click here to explore our ebooks!

Powered by Koha